Occupational safety, health and working conditions (OSH) code, 2020 and interstate women migrants: A gender integrative evaluation (Record no. 531213)
[ view plain ]
| 000 -LEADER | |
|---|---|
| fixed length control field | 01290nam a22001337a 4500 |
| 008 - FIXED-LENGTH DATA ELEMENTS--GENERAL INFORMATION | |
| fixed length control field | 250801b ||||| |||| 00| 0 eng d |
| 100 ## - MAIN ENTRY--PERSONAL NAME | |
| Personal name | Krishna, Niyathi R. |
| 245 ## - TITLE STATEMENT | |
| Title | Occupational safety, health and working conditions (OSH) code, 2020 and interstate women migrants: A gender integrative evaluation |
| 260 ## - PUBLICATION, DISTRIBUTION, ETC. (IMPRINT) | |
| Place of publication, distribution, etc | Indian Journal of Public Administration |
| 300 ## - PHYSICAL DESCRIPTION | |
| Extent | 71(2), Jun, 2025: p.406-411 |
| 520 ## - SUMMARY, ETC. | |
| Summary, etc | The original forty-four central labour laws in India have been merged into four labour codes: the Code on Wages, 2019 (CoW); the Industrial Relations Code, 2020 (IRC); the Code on Social Security, 2020 (CSS); and the Occupational Safety, Health & Working Conditions Code, 2020 (OSH Code). In this discussion, I highlight the general concerns and specific limitations of these new labour codes, particularly the OSH Code, by examining its applicability to the most vulnerable section of migrants: the interstate seasonal migrant women belonging to marginalised communities. This review aims to highlight the lacunae in the new labour codes, in terms of perspective and enaction, for potential policy modifications.- Reproduced https://journals.sagepub.com/doi/full/10.1177/00195561251338111 |
| 773 ## - HOST ITEM ENTRY | |
| Main entry heading | Indian Journal of Public Administration |
| 942 ## - ADDED ENTRY ELEMENTS (KOHA) | |
| Item type | Articles |
| Withdrawn status | Lost status | Source of classification or shelving scheme | Damaged status | Not for loan | Permanent location | Current location | Date acquired | Serial Enumeration / chronology | Barcode | Date last seen | Koha item type |
|---|---|---|---|---|---|---|---|---|---|---|---|
| Indian Institute of Public Administration | Indian Institute of Public Administration | 2025-08-01 | 71(2), Jun, 2025: p.406-411 | AR136922 | 2025-08-01 | Articles |
